• 首页
  • 本馆介绍
  • 公告通知
  • 最新文献
  • 馆藏检索
  • 电子资源
  • 读者导购
  • 参考咨询
  • 我的图书馆
  • 登录
  • 详细信息显示
  • 放入我的书架
  • 预约/预借图书
  • 作者相关作品
  • 分类相关作品
  • 丛书相关作品
  • 出版社相关作品

书目信息

  • 表格格式
  • 工作单格式
  • 卡片格式
题名:
中国近代经济史
    
 
作者: ;中国人民大学政治经济学系 编
分册: 上册  
出版信息: 北京   人民出版社  1978
页数: 335页
开本: 20cm
丛书名:
单 册:
中图分类: F129.5 , F092.6
科图分类:
主题词: 经济史--中国--近代--高等学校--教材 , 经济思想史
电子资源:
ISBN:
000 00842nam0 2200277 45
001 0178001679
005 20040425102134.0
010    @dCNY0.70
091    @a4001.355
100    @a19950714d1978 em y0chiy0121 ea
101 0  @achi
102    @aCN@b110000
105    @ay z 000yy
106    @ar
200 10 @a中国近代经济史@Azhong guo jin dai jing ji shi@h上册@f中国人民大学政治经济学系《中国近代经济史》编
210    @a北京@c人民出版社@d1978
215    @a335页@d20cm
300    @a国内发行
300    @a高等学校文科教材
606    @a经济史@y中国@z近代@x高等学校@x教材
606 0  @a经济思想史
690    @aF129.5@v3
690    @aF092.6@v3
711 02 @a中国人民大学政治经济学系@Azhong guo ren min da xue zheng zhi jing ji xue xi@4编
801  0 @aCN@bNLC@c20040105
905    @dF092.6@e1:1@f1@b53192@b53199@f1@f1@b53188@f1@b53201
    
    中国近代经济史.上册/中国人民大学政治经济学系《中国近代经济史》编.-北京:人民出版社,1978
    335页;20cm
    国内发行.-高等学校文科教材
    
    ISBN :CNY0.70
    
●
相关链接 在E读中查询图书 在五车中查询图书 在当当中查询图书 在豆瓣中查询图书


正题名:中国近代经济史     索取号:F092.6/1:1         预约/预借

序号 登录号 条形码 馆藏地/架位号 状态 备注
1 0015147   001919927   密集书库/ [索取号:F092.6/1:1] 在馆    
2 0015148   001919687   密集书库/ [索取号:F092.6/1:1] 在馆    
3 0048424   001919883   密集书库/ [索取号:F092.6/1:1] 在馆    
4 0048426   001919847   密集书库/ [索取号:F092.6/1:1] 在馆    
5 0053188   000195121   密集书库/ [索取号:F092.6/1:1] 在馆    
6 0053192   000195158   第一借阅区/ [索取号:F092.6/1:1] 在馆    
7 0053193   001866975   密集书库/ [索取号:F092.6/1:1] 在馆    
8 0053199   000195194   密集书库/ [索取号:F092.6/1:1] 在馆    
9 0053201   000195087   第一借阅区/ [索取号:F092.6/1:1] 在馆    
唐山师范学院图书馆 欢迎您!
大连网信软件有限公司© 版权所有